00713nam a2200241 a 4500001001300000003000900013005001700022008004100039020001000080082001700090100003100107245003800138260004300176300000900219500003500228505001000263650001900273700003100292902000800323942000700331952011800338999001500456nice12345678IN_TiNIC20260116013010.0050524s1887 boma grp 000 0 per  ac10000a891.51bHAF5 aHafiz, Shamsuddin Mohammad aHundred Odes of Tayyabat of Saadi aBombaybEducation Societys Pressc1887 a277p aincludes index and biblioraphy2 aIndex aPersian Poetry1 aHafiz, Shamsuddin Mohammad bRHR cBK 001040708ReferHall-aHMIbHMId2007-06-01g100.00l0o891.51 HAF5p012191r2007-06-01v100.00w2005-05-24yBK c9212d9212